000
00197 a2200097 4500
001
870
100
_a
Fink,W.G
245
_a
Television engineering
260
_a
_b
Mcgrawhill
_c
090
_c
461
_d
461
942
_a
NUST-CAE
_c
M
_c
30945
999
_c
235943
_d
235943